000 02113cam a22005294i 4500
003 PE-LiUPU
005 20250731173306.0
008 150625s r 000 0 d
020 _a8472398544
035 _a(Sirsi) i9788472398542
040 _aPE-LiUPU
_bspa
_cPE-LiUPU
_erda
049 _aPRUA
082 0 4 _a226.503
_bD25d
_221
245 0 0 _aDiccionario del Mundo Joánico /
_cdirector, Felipe Fernández Ramos.
264 1 _aBurgos, España :
_bMonte Carmelo,
_c2001.
300 _a1042 páginas ;
_c26 centímetros
336 _atext
_2rdacontent
337 _aunmediated
_2rdamedia
338 _avolume
_2rdacarrier
490 0 _aDiccionarios "MC"
504 _aIncluye referencias bibliográficas al final de algunas entradas.
505 0 _aDiccionario de A-Y.
526 _aSEG42
526 _aSEG41
526 _aSEG40
526 _aSEG39
526 _aP94
526 _aP87
526 _aP86
526 _aP85
526 _aP77
526 _aP76
526 _aP35
541 _g006-35829;
541 _g007-0017629;
630 _aBiblia.
_pN.T.
_pApocalipsis
_vDiccionarios.
630 _aBiblia.
_pN.T.
_pEpístolas de Juan
_vDiccionarios.
630 _aBiblia.
_pN.T.
_pJuan
_vDiccionarios.
700 1 _aFernández Ramos, Felipe,
_edirector.
942 _2ddc
_cBOOK
949 _a226.503 D25D
_wDEWEY
_c1
_i59031
_lCCODEBUL1
_mBUL
_r0
_sY
_tBOOK
_u2015-6-25
_xTEOLOGIA
_zUNKNOWN
_0COMPRA
_o.STAFF. Colección General
949 _a226.503 D25D
_wDEWEY
_c2
_i55901
_lCCODEBUL1
_mBUL
_p91.00
_r0
_sY
_tBOOK
_u2015-6-25
_xTEOLOGIA
_zUNKNOWN
_0COMPRA
_o.STAFF. Colección General
994 _aC0
_bPEPRU
596 _a1
999 _a226.503 D25D
_wDEWEY
_c44739
_i59031
_d44739
_f2021-11-9
_g5
_lCCODEBUL1
_mBUL
_q8
_r0
_sY
_tBOOK
_u2015-6-25
_xTEOLOGIA
_zUNKNOWN
_0COMPRA
_o.STAFF. Colección General
999 _a226.503 D25D
_wDEWEY
_c2
_i55901
_d2019-7-23
_f2021-11-9
_g5
_lCCODEBUL1
_mBUL
_p91.00
_q2
_r0
_sY
_tBOOK
_u2015-6-25
_xTEOLOGIA
_zUNKNOWN
_0COMPRA
_o.STAFF. Colección General
980 _81
_gALBERTO SANCHEZ Responsable de Automatización